<?xml version="1.0" encoding="UTF-8"?>
<record
    xmlns:xsi="http://www.w3.org/2001/XMLSchema-instance"
    xsi:schemaLocation="http://www.loc.gov/MARC21/slim http://www.loc.gov/standards/marcxml/schema/MARC21slim.xsd"
    xmlns="http://www.loc.gov/MARC21/slim">

  <leader>02631cam a2200361 i 4500</leader>
  <controlfield tag="001">17788638</controlfield>
  <controlfield tag="005">20201128021112.0</controlfield>
  <controlfield tag="008">130619t2014    xxua   frbd   001 0 eng d</controlfield>
  <datafield tag="010" ind1=" " ind2=" ">
    <subfield code="a">2013024693</subfield>
  </datafield>
  <datafield tag="020" ind1=" " ind2=" ">
    <subfield code="a">9781451177329 </subfield>
  </datafield>
  <datafield tag="020" ind1=" " ind2=" ">
    <subfield code="a">1451177321</subfield>
  </datafield>
  <datafield tag="035" ind1=" " ind2=" ">
    <subfield code="a">(DNLM)101610771</subfield>
  </datafield>
  <datafield tag="040" ind1=" " ind2=" ">
    <subfield code="a">DNLM/DLC</subfield>
    <subfield code="c">DLC</subfield>
    <subfield code="d">DLC</subfield>
    <subfield code="d">EG-ScBUE</subfield>
  </datafield>
  <datafield tag="082" ind1="0" ind2="0">
    <subfield code="a">610.73</subfield>
    <subfield code="2">22</subfield>
    <subfield code="b">TIM</subfield>
  </datafield>
  <datafield tag="100" ind1="1" ind2=" ">
    <subfield code="a">Timby, Barbara Kuhn</subfield>
    <subfield code="9">20698</subfield>
  </datafield>
  <datafield tag="245" ind1="1" ind2="0">
    <subfield code="a">Introductory medical-surgical nursing /</subfield>
    <subfield code="c">Barbara K. Timby, Nancy E. Smith.</subfield>
  </datafield>
  <datafield tag="246" ind1="3" ind2=" ">
    <subfield code="a">Introductory medical surgical nursing</subfield>
  </datafield>
  <datafield tag="250" ind1=" " ind2=" ">
    <subfield code="a">11th ed.</subfield>
  </datafield>
  <datafield tag="260" ind1=" " ind2=" ">
    <subfield code="a">Philadelphia, United States :</subfield>
    <subfield code="b"> Wolters Kluwer Health / Lippincott Williams &amp; Wilkins, </subfield>
    <subfield code="c">c.2014</subfield>
    <subfield code="e">([Beijing])</subfield>
  </datafield>
  <datafield tag="300" ind1=" " ind2=" ">
    <subfield code="a">xxi, 1303 p. :</subfield>
    <subfield code="b">ill. (col.) ;</subfield>
    <subfield code="c">28 cm.</subfield>
  </datafield>
  <datafield tag="490" ind1="0" ind2=" ">
    <subfield code="a">Lippincott's practical nursing</subfield>
  </datafield>
  <datafield tag="500" ind1=" " ind2=" ">
    <subfield code="a">Includes appendixes.</subfield>
  </datafield>
  <datafield tag="500" ind1=" " ind2=" ">
    <subfield code="a">Glossary : p. 1244-1279.</subfield>
  </datafield>
  <datafield tag="500" ind1=" " ind2=" ">
    <subfield code="a">Index : p. 1280-1303</subfield>
  </datafield>
  <datafield tag="504" ind1=" " ind2=" ">
    <subfield code="a">Includes bibliographical reference.</subfield>
  </datafield>
  <datafield tag="520" ind1=" " ind2=" ">
    <subfield code="a">"In today's changing healthcare environment, nurses continue to face many challenges and opportunities. Introductory Medical-Surgical Nursing provides the information to help nurses meet these challenges and embrace expanding opportunities. The textbook addresses the common adult disorders that are treated medically and surgically and also covers basic concepts student nurses need to know to care for clients with these disorders. Written at a level appropriate for the practical/vocational nursing student, this textbook provides comprehensive information about medical-surgical nursing that is easy to understand. For the 11th edition, the entire textbook was reviewed, revised, and updated to reflect current medical and nursing practice. This latest edition has added another methodology for planning nursing care. Concept care maps are introduced in Chapter 3. In the system-based units, there are new concept care maps that present a different type of care plan for a client. The Nursing Process sections, Nursing Care Plans, and Concept Care Maps are preceded by a Client Scenario in order to assist students to relate the plan of care to a specific client. It is also a way for students to discern the different modes of developing a plan of care. Other highlights of this edition include the addition of evidence-based practice boxes and new illustrations and photos"-Provided by publisher.</subfield>
  </datafield>
  <datafield tag="650" ind1="1" ind2="2">
    <subfield code="a">Perioperative Nursing</subfield>
    <subfield code="9">21345</subfield>
  </datafield>
  <datafield tag="650" ind1=" " ind2="2">
    <subfield code="a">Intensive care nursing</subfield>
    <subfield code="9">2174</subfield>
  </datafield>
  <datafield tag="653" ind1=" " ind2=" ">
    <subfield code="b">NNUR</subfield>
    <subfield code="c">October2014</subfield>
  </datafield>
  <datafield tag="655" ind1=" " ind2=" ">
    <subfield code="v">reading book</subfield>
    <subfield code="9">34232</subfield>
  </datafield>
  <datafield tag="700" ind1="1" ind2=" ">
    <subfield code="a">Smith, Nancy E.</subfield>
    <subfield code="q">(Nancy Ellen),</subfield>
    <subfield code="d">1949-</subfield>
    <subfield code="9">36306</subfield>
  </datafield>
  <datafield tag="942" ind1=" " ind2=" ">
    <subfield code="2">ddc</subfield>
    <subfield code="k">610.73 TIM</subfield>
  </datafield>
  <datafield tag="999" ind1=" " ind2=" ">
    <subfield code="c">18490</subfield>
    <subfield code="d">18462</subfield>
  </datafield>
  <datafield tag="952" ind1=" " ind2=" ">
    <subfield code="0">0</subfield>
    <subfield code="1">0</subfield>
    <subfield code="2">ddc</subfield>
    <subfield code="4">0</subfield>
    <subfield code="7">0</subfield>
    <subfield code="8">Baccah</subfield>
    <subfield code="a">MAIN</subfield>
    <subfield code="b">MAIN</subfield>
    <subfield code="c">1ST</subfield>
    <subfield code="d">2014-10-22</subfield>
    <subfield code="e">purchase</subfield>
    <subfield code="g">408.00</subfield>
    <subfield code="h">20526</subfield>
    <subfield code="l">1</subfield>
    <subfield code="o">610.73 TIM</subfield>
    <subfield code="p">000036769</subfield>
    <subfield code="r">2025-07-15 00:00:00</subfield>
    <subfield code="s">2014-11-11</subfield>
    <subfield code="v">510.00</subfield>
    <subfield code="y">NB</subfield>
  </datafield>
  <datafield tag="952" ind1=" " ind2=" ">
    <subfield code="0">0</subfield>
    <subfield code="1">0</subfield>
    <subfield code="2">ddc</subfield>
    <subfield code="4">0</subfield>
    <subfield code="7">0</subfield>
    <subfield code="8">Baccah</subfield>
    <subfield code="a">MAIN</subfield>
    <subfield code="b">MAIN</subfield>
    <subfield code="c">1ST</subfield>
    <subfield code="d">2014-10-22</subfield>
    <subfield code="e">purchase</subfield>
    <subfield code="g">408.00</subfield>
    <subfield code="h">20526</subfield>
    <subfield code="l">8</subfield>
    <subfield code="m">44</subfield>
    <subfield code="o">610.73 TIM</subfield>
    <subfield code="p">000036770</subfield>
    <subfield code="r">2025-07-15 00:00:00</subfield>
    <subfield code="s">2018-11-04</subfield>
    <subfield code="v">510.00</subfield>
    <subfield code="y">BB</subfield>
  </datafield>
  <datafield tag="952" ind1=" " ind2=" ">
    <subfield code="0">0</subfield>
    <subfield code="1">0</subfield>
    <subfield code="2">ddc</subfield>
    <subfield code="4">0</subfield>
    <subfield code="7">0</subfield>
    <subfield code="8">Baccah</subfield>
    <subfield code="a">MAIN</subfield>
    <subfield code="b">MAIN</subfield>
    <subfield code="c">1ST</subfield>
    <subfield code="d">2014-10-22</subfield>
    <subfield code="e">purchase</subfield>
    <subfield code="g">408.00</subfield>
    <subfield code="h">20526</subfield>
    <subfield code="l">8</subfield>
    <subfield code="m">120</subfield>
    <subfield code="o">610.73 TIM</subfield>
    <subfield code="p">000036771</subfield>
    <subfield code="r">2025-07-15 00:00:00</subfield>
    <subfield code="s">2021-10-14</subfield>
    <subfield code="v">510.00</subfield>
    <subfield code="y">BB</subfield>
  </datafield>
</record>
